00612nam a2200253Ia 4500003000400000005001700004008004000021020001800061040000700079041000800086082001300094100002000107245006600127260003700193300001100230650001700241650001100258650001300269650001100282650001400293650001400307700001900321700001800340OSt20250728101114.0210210b2017 xxu||||| |||| 00| 0 eng d a9781137611970 cAL aeng a809 WOLT aWolfreys Julian aTransitionsb: formalist criticism and reader response theory aLondonbPalgrave Macmillanc2017 aix,192 aTransitions: atheory aresponse areader aformalist acriticism aWomack Kenneth aDavis, Todd F